<?xml version="1.0" encoding="UTF-8"?>
<marc:record xmlns:marc="http://www.loc.gov/MARC21/slim">
   <marc:leader>00000nam a2200000 a 4500</marc:leader>
   <marc:datafield ind1="1" ind2=" " tag="100">
      <marc:subfield code="a">Rath, Hans</marc:subfield>
      <marc:subfield code="4">aut</marc:subfield>
      <marc:subfield code="e">Verfasser/-in</marc:subfield>
   </marc:datafield>
   <marc:datafield ind1="1" ind2=" " tag="100">
      <marc:subfield code="a">Rai, Edgar</marc:subfield>
      <marc:subfield code="4">aut</marc:subfield>
      <marc:subfield code="e">Verfasser/-in</marc:subfield>
   </marc:datafield>
   <marc:datafield ind1="1" ind2=" " tag="100">
      <marc:subfield code="a">Herbst, Christoph Maria</marc:subfield>
      <marc:subfield code="4">stl</marc:subfield>
      <marc:subfield code="e">Erzähler/-in</marc:subfield>
   </marc:datafield>
   <marc:datafield ind1="0" ind2="0" tag="245">
      <marc:subfield code="a">Christoph Maria Herbst liest Rath &amp; Rai, Bullenbrüder</marc:subfield>
   </marc:datafield>
   <marc:datafield ind1=" " ind2="1" tag="264">
      <marc:subfield code="a">Berlin</marc:subfield>
      <marc:subfield code="b">Argon Verlag GmbH</marc:subfield>
   </marc:datafield>
   <marc:datafield ind1=" " ind2=" " tag="250">
      <marc:subfield code="a">Ungekürzte Lesung</marc:subfield>
   </marc:datafield>
   <marc:datafield ind1="1" ind2=" " tag="520">
      <marc:subfield code="a">Angaben aus der Verlagsmeldung

Bullenbrüder Rath, Bullenbrüder / von Hans Rath, Edgar Rai

Zwei Brüder. Eine Leiche. Jede Menge Ärger.Holger und Charlie sind ein ungleiches Brüderpaar. Holger ist Kriminalhauptkommissar und korrekt bis zur Spießigkeit. Charlie ist ein unsteter Lebemann, der sich als Privatschnüffler durchschlägt. Gerade hat ihn mal wieder eine Exfreundin rausgeworfen, und er bittet Holger für ein paar Tage um Unterschlupf. Holger lässt ihn widerwillig im Gartenhaus kampieren. Er selbst hat gerade alle Hände voll mit einem Fall zu tun: Der Adlatus des Berliner Unterwelt-Bosses Bobby Schütz wurde tot im Aufzug eines Hotels gefunden. Am Tatort: ein Koffer voller Kokain. Pikanterweise hat auch Charlie Verbindungen zu Schütz und seinen Leuten. Verbindungen, die Holger für sich nutzen kann. Aber dafür muss er sich auf Charlies Methoden einlassen – und riskiert seinen eigenen Kopf ...Christoph Maria Herbst ist als Hörbuchsprecher ein Garant für allerbeste Unterhaltung. Den trockenen Humor und diese spezielle Lässigkeit der "Bullenbrüder" liest er nicht nur, er lebt sie.
</marc:subfield>
   </marc:datafield>
   <marc:datafield ind1=" " ind2=" " tag="020">
      <marc:subfield code="a">9783839815502</marc:subfield>
      <marc:subfield code="9">9783839815502</marc:subfield>
   </marc:datafield>
   <marc:datafield ind1=" " ind2=" " tag="020">
      <marc:subfield code="a">3839815509</marc:subfield>
      <marc:subfield code="9">3839815509</marc:subfield>
   </marc:datafield>
   <marc:datafield ind1=" " ind2=" " tag="041">
      <marc:subfield code="a">ger</marc:subfield>
   </marc:datafield>
   <marc:datafield ind1=" " ind2=" " tag="300">
      <marc:subfield code="a">5 CDs</marc:subfield>
   </marc:datafield>
</marc:record>
